Vấn đề con người và chủ nghĩa "lý luận không có con người"
Vấn đề con người trong cuộc cải tổ CNXH ở Liên Xô ngày nay; Con người và CN "Lý luận không có con người", sự khác biệt trong quan điểm về con người của chủ nghĩa Mác-Lênin và chủ nghĩa "Lý luận không có con người"; Cá nhân, xã hội, con người, lịch sử; Quan hệ xã hội, quan hệ giai...
Αποθηκεύτηκε σε:
| Κύριος συγγραφέας: | |
|---|---|
| Μορφή: | Βιβλίο |
| Γλώσσα: | Vietnamese |
| Έκδοση: |
Tp. Hồ Chí Minh
Nxb. Tp. Hồ Chí Minh
2000
|
| Έκδοση: | In lần thứ 2 |
| Θέματα: | |
| Ετικέτες: |
Προσθήκη ετικέτας
Δεν υπάρχουν, Καταχωρήστε ετικέτα πρώτοι!
|
| Thư viện lưu trữ: | Mạng thư viện Đại học Đà Nẵng |
|---|
| LEADER | 01612nam a2200349 4500 | ||
|---|---|---|---|
| 001 | 000013692 | ||
| 003 | 10036 | ||
| 005 | 20120320150340.0 | ||
| 008 | 120320s2000 viesd | ||
| 020 | |c 35000 | ||
| 041 | 0 | |a vie | |
| 082 | |a 144 |b TR-T | ||
| 100 | 0 | |a Trần Đức Thảo | |
| 245 | 0 | |a Vấn đề con người và chủ nghĩa "lý luận không có con người" |c Trần Đức Thảo | |
| 250 | |a In lần thứ 2 | ||
| 260 | |a Tp. Hồ Chí Minh |b Nxb. Tp. Hồ Chí Minh |c 2000 | ||
| 300 | |a 248 tr |c 19 cm | ||
| 520 | |a Vấn đề con người trong cuộc cải tổ CNXH ở Liên Xô ngày nay; Con người và CN "Lý luận không có con người", sự khác biệt trong quan điểm về con người của chủ nghĩa Mác-Lênin và chủ nghĩa "Lý luận không có con người"; Cá nhân, xã hội, con người, lịch sử; Quan hệ xã hội, quan hệ giai cấp... trong quan niệm về con người của triết học Mác-Lê | ||
| 653 | |a Triết học Mác-Lênin | ||
| 653 | |a con người | ||
| 653 | |a chủ nghĩa "lý luận không có con người" | ||
| 700 | |a Trần Đức Thảo |e Tác giả | ||
| OWN | |a LSP | ||
| AVA | |a UDN50 |b LSP |d 144 TR-T |e available |t Error 5001 Not defined in file expand_doc_bib_avail. |f 1 |g 0 |h N |i 0 |k 1 | ||
| 999 | |a From the UDN01 | ||
| AVA | |a UDN50 |b LSP |d 144 TR-T |e available |t Error 5001 Not defined in file expand_doc_bib_avail. |f 1 |g 0 |h N |i 0 |k 1 | ||
| TYP | |a Monograph | ||
| TYP | |a Printed language | ||
| 980 | |a Mạng thư viện Đại học Đà Nẵng | ||